Statistics for Anagrams - European Cities

Click here to take the quiz!

General Stats

  • This quiz has been taken 1,782 times
  • The average score is 19 of 30

Answer Stats

HintAnswer% Correct
LoosOslo (Norway)
92%
MoreRome (Italy)
91%
DidramMadrid (Spain)
88%
SpairParis (France)
88%
OnlyLyon (France)
84%
BunlidDublin (Ireland)
83%
OpenchangeCopenhagen (Denmark)
80%
LessrubsBrussels (Belgium)
76%
BadsetupBudapest (Hungary)
76%
WokarkKrakow (Poland)
72%
SalivabratBratislava (Slovakia)
71%
AvengeGeneva (Switzerland)
71%
MadmasterAmsterdam (Netherlands)
70%
TroopPorto (Portugal)
70%
PlanesNaples (Italy)
69%
GearupPrague (Czech Republic)
66%
MockslothStockholm (Sweden)
66%
ConelogCologne (Germany)
58%
JavaroseSarajevo (Bosnia-Herzegovina)
55%
HastenAthens (Greece)
54%
LargebedBelgrade (Serbia)
54%
RealbaconBarcelona (Spain)
53%
HamcentresManchester (United Kingdom)
50%
RoopvilleLiverpool (United Kingdom)
43%
RedendsDresden (Germany)
39%
SeasodOdessa (Ukraine)
39%
BasilnutIstanbul (Turkey)
32%
BothgrungeGothenburg (Sweden)
27%
FeelcornFlorence (Italy)
20%
CarpigoodPodgorica (Montenegro)
19%

Score Distribution

Percentile by Number Answered

Percent of People with Each Score

Your Score History

You have not taken this quiz